| 000 -LEADER |
| fixed length control field |
01739cam a2200325 a 4500 |
| 001 - CONTROL NUMBER |
| control field |
14462747 |
| 005 - DATE AND TIME OF LATEST TRANSACTION |
| control field |
20170105102911.0 |
| 008 - FIXED-LENGTH DATA ELEMENTS--GENERAL INFORMATION |
| fixed length control field |
060721s2006 nyuabf b 001 0 eng |
| 010 ## - LIBRARY OF CONGRESS CONTROL NUMBER |
| LC control number |
2006050304 |
| 020 ## - INTERNATIONAL STANDARD BOOK NUMBER |
| International Standard Book Number |
1594201005 |
| 020 ## - INTERNATIONAL STANDARD BOOK NUMBER |
| International Standard Book Number |
9781594201004 |
| 035 ## - SYSTEM CONTROL NUMBER |
| System control number |
(OCoLC)ocm70839824 |
| 040 ## - CATALOGING SOURCE |
| Original cataloging agency |
DLC |
| Transcribing agency |
DLC |
| Modifying agency |
YDXCP |
| -- |
BAKER |
| -- |
OCO |
| -- |
YBM |
| -- |
VP@ |
| -- |
OCLCQ |
| -- |
DLC |
| 050 00 - LIBRARY OF CONGRESS CALL NUMBER |
| Classification number |
JZ6385 |
| Item number |
.F47 2006 |
| 082 00 - DEWEY DECIMAL CLASSIFICATION NUMBER |
| Classification number |
303.6/6 |
| Edition number |
22 |
| 100 1# - MAIN ENTRY--PERSONAL NAME |
| Personal name |
Ferguson, Niall. |
| 245 14 - TITLE STATEMENT |
| Title |
The war of the world : |
| Remainder of title |
twentieth-century conflict and the descent of the West / |
| Statement of responsibility, etc. |
Niall Ferguson. |
| 260 ## - PUBLICATION, DISTRIBUTION, ETC. |
| Place of publication, distribution, etc. |
New York : |
| Name of publisher, distributor, etc. |
Penguin Press, |
| Date of publication, distribution, etc. |
2006. |
| 300 ## - PHYSICAL DESCRIPTION |
| Extent |
lxxi, 808 p., [24] p. of plates : |
| Other physical details |
ill., maps ; |
| Dimensions |
24 cm. |
| 504 ## - BIBLIOGRAPHY, ETC. NOTE |
| Bibliography, etc. note |
Includes bibliographical references (p. 655-764) and index. |
| 505 0# - FORMATTED CONTENTS NOTE |
| Formatted contents note |
I: The great train crash -- Empires and races -- Orient express -- Fault lines -- The contagion of war -- Graves of nations -- II: Empire-states -- The plan -- Strange folk -- An incidental empire -- Defending the indefensible -- The pity of peace -- III: Killing space -- Blitzkrieg -- Through the looking glass -- Killers and collaborators -- The gates of hell -- IV: A tainted triumph -- The osmosis of war -- Kaputt -- The descent of the west. |
| 650 #0 - SUBJECT ADDED ENTRY--TOPICAL TERM |
| Topical term or geographic name entry element |
War. |
| 650 #0 - SUBJECT ADDED ENTRY--TOPICAL TERM |
| Topical term or geographic name entry element |
War |
| General subdivision |
Causes. |
| 650 #0 - SUBJECT ADDED ENTRY--TOPICAL TERM |
| Topical term or geographic name entry element |
World politics |
| Chronological subdivision |
20th century. |
| 856 42 - ELECTRONIC LOCATION AND ACCESS |
| Materials specified |
Contributor biographical information |
| Uniform Resource Identifier |
<a href="http://www.loc.gov/catdir/enhancements/fy0721/2006050304-b.html">http://www.loc.gov/catdir/enhancements/fy0721/2006050304-b.html</a> |
| 856 42 - ELECTRONIC LOCATION AND ACCESS |
| Materials specified |
Publisher description |
| Uniform Resource Identifier |
<a href="http://www.loc.gov/catdir/enhancements/fy0721/2006050304-d.html">http://www.loc.gov/catdir/enhancements/fy0721/2006050304-d.html</a> |
| 906 ## - LOCAL DATA ELEMENT F, LDF (RLIN) |
| a |
7 |
| b |
cbc |
| c |
orignew |
| d |
1 |
| e |
ocip |
| f |
20 |
| g |
y-gencatlg |
| 942 ## - ADDED ENTRY ELEMENTS (KOHA) |
| Source of classification or shelving scheme |
|
| Koha item type |
Book |